[Event "16. Bayer Open"]
[Site "Leverkusen"]
[Date "2018.01.15"]
[Round "2.45"]
[White "Milz, Ulrich"]
[Black "Nölle, Michael"]
[Result "1/2-1/2"]
[WhiteElo "1686"]
[BlackElo "1471"]
[PlyCount "56"]
[EventDate "2018.??.??"]
[WhiteTeam "SC Bayer Leverkusen"]
[BlackTeam "SF Schlebusch"]

1. e4 c5 2. Bc4 e6 3. a3 Nc6 4. Nc3 Nf6 5. d3 Be7 6. Nf3 O-O 7. O-O a6 8. h3 b5
9. Ba2 Bb7 10. Bg5 h6 11. Bh4 d6 12. Ne2 e5 13. Bg3 Nh5 14. Nh2 Kh8 15. Nc3 Nf6
16. f4 g6 17. Ng4 Nh5 18. Bh2 Kh7 19. fxe5 dxe5 20. Rxf7+ Rxf7 21. Bxf7 Qd4+
22. Kh1 Bh4 23. Bd5 Rf8 24. Qd2 g5 25. Bg1 Ng3+ 26. Kh2 Rf1 27. Rxf1 Nxf1+ 28.
Kh1 Nxd2 1/2-1/2

[Event "16. Bayer Open"]
[Site "Leverkusen"]
[Date "2018.01.15"]
[Round "2.46"]
[White "Nölle, Lisa"]
[Black "Janssen, Wolfgang"]
[Result "0-1"]
[WhiteElo "916"]
[BlackElo "1674"]
[PlyCount "47"]
[EventDate "2018.??.??"]
[WhiteTeam "SF Schlebusch"]
[BlackTeam "SV Dormagen"]

1. d4 Nf6 2. Nc3 d5 3. Bf4 Bg4 4. f3 Bf5 5. e3 c6 6. Bd3 e6 7. Bxf5 exf5 8.
Nge2 Bd6 9. O-O O-O 10. Qd2 Nh5 11. e4 Nxf4 12. Nxf4 fxe4 13. fxe4 Re8 14. e5
Be7 15. Qf2 Nd7 16. Rae1 Qb6 17. e6 Nf6 18. exf7+ Kxf7 19. Ne6 c5 20. Qg3 Bf8
21. Nc7 Bd6 22. Nxa8 Bxg3 23. Nxb6 Bxe1 24. Nbxd5 0-1

[Event "16. Bayer Open"]
[Site "Leverkusen"]
[Date "2018.01.29"]
[Round "3.3"]
[White "Peschel, Andreas"]
[Black "Gramb, Marius"]
[Result "1-0"]
[WhiteElo "2195"]
[BlackElo "2088"]
[PlyCount "117"]
[EventDate "2018.??.??"]
[WhiteTeam "SG Solingen"]
[BlackTeam "Brühler SK"]

1. d4 Nf6 2. c4 e6 3. Nf3 d5 4. g3 Be7 5. Bg2 O-O 6. O-O dxc4 7. Qc2 a6 8. Qxc4
b5 9. Qc2 Bb7 10. Nc3 Nc6 11. Bg5 Nb4 12. Qd2 Ne4 13. Nxe4 Bxe4 14. Bxe7 Qxe7
15. a3 Nd5 16. Rfc1 Rfc8 17. Rc5 f6 18. Ne5 Bxg2 19. Nc6 Qd6 20. Kxg2 Ne7 21.
Nxe7+ Qxe7 22. Rac1 Qd6 23. e3 Ra7 24. Rc6 Qd5+ 25. f3 Qb3 26. R1c3 Qa2 27. Qc2
a5 28. Qb3 Qxb3 29. Rxb3 Rb7 30. Rxe6 c5 31. Rc3 c4 32. d5 Rc5 33. e4 b4 34.
axb4 Rxb4 35. Rc6 Rxb2+ 36. Kh3 Rcb5 37. R3xc4 Rd2 38. Rc2 Rb2 39. Rxb2 Rxb2
40. Ra6 Ra2 41. f4 Re2 42. d6 Kf7 43. Ra7+ Ke6 44. Rxg7 Kxd6 45. Rxh7 Rxe4 46.
Ra7 Ra4 47. Kg4 Ke6 48. Ra6+ Ke7 49. Kf5 Ra2 50. h4 a4 51. h5 Rh2 52. g4 Kf7
53. Ra7+ Kg8 54. Kg6 Kf8 55. Kxf6 Kg8 56. g5 Rb2 57. Ra8+ Kh7 58. g6+ Kh6 59.
Rg8 1-0

[Event "16. Bayer Open"]
[Site "Leverkusen"]
[Date "2018.01.29"]
[Round "3.4"]
[White "Neubauer, Jürgen"]
[Black "Pejkovic, Patrick Slavko"]
[Result "1-0"]
[WhiteElo "2046"]
[BlackElo "2133"]
[PlyCount "83"]
[EventDate "2018.??.??"]
[WhiteTeam "SK Turm Euskirchen"]
[BlackTeam "Langenfelder SF"]

1. e4 e6 2. Nf3 d5 3. e5 c5 4. b4 cxb4 5. d4 Nc6 6. a3 Qa5 7. Bd2 Qb6 8. Be3
Bd7 9. axb4 Bxb4+ 10. c3 Be7 11. Nfd2 Qb2 12. Nb3 Nb4 13. cxb4 Bxb4+ 14. Bd2
Bxd2+ 15. N1xd2 Ne7 16. Be2 Nc6 17. Qc1 Qxc1+ 18. Rxc1 b6 19. Nf3 Ke7 20. Kd2
Rhc8 21. Ba6 Rcb8 22. Bb5 Rc8 23. Bxc6 Rxc6 24. Rxc6 Bxc6 25. Rc1 Rc8 26. Ne1
Kd7 27. Nd3 Bb5 28. Rxc8 Kxc8 29. f4 a5 30. g4 Bd7 31. Kc3 Kc7 32. Nd2 Kc6 33.
Kb3 Kb7 34. Nf3 h6 35. h4 Bb5 36. Kc3 Bc4 37. h5 Kc6 38. f5 Kd7 39. f6 g6 40.
hxg6 fxg6 41. g5 hxg5 42. Nxg5 1-0

[Event "16. Bayer Open"]
[Site "Leverkusen"]
[Date "2018.01.29"]
[Round "3.5"]
[White "Bausch, Thomas"]
[Black "Wille, Thomas"]
[Result "1-0"]
[WhiteElo "2113"]
[BlackElo "2074"]
[PlyCount "55"]
[EventDate "2018.??.??"]
[WhiteTeam "Pulheimer SC"]
[BlackTeam "Velberter SG"]

1. d4 Nf6 2. c4 e6 3. Nc3 Bb4 4. Qc2 d5 5. cxd5 exd5 6. Bg5 c6 7. e3 h6 8. Bh4
Nbd7 9. Bd3 O-O 10. Nge2 Re8 11. O-O Nf8 12. a3 Be7 13. f3 Ne6 14. Rad1 Qc7 15.
Rc1 Qd8 16. Bf2 g6 17. e4 Ng7 18. Be3 Kh7 19. Qd2 h5 20. h3 h4 21. exd5 Nxd5
22. Nxd5 cxd5 23. Bf4 Ne6 24. Be5 Bg5 25. f4 Bh6 26. Qc2 f5 27. Bxf5 Nxf4 28.
Bxg6+ 1-0

[Event "16. Bayer Open"]
[Site "Leverkusen"]
[Date "2018.01.29"]
[Round "3.6"]
[White "Grah, Ulrich"]
[Black "Lindam, Ingo"]
[Result "0-1"]
[WhiteElo "2013"]
[BlackElo "2112"]
[PlyCount "48"]
[EventDate "2018.??.??"]
[WhiteTeam "SG Solingen"]
[BlackTeam "Kölner SK Dr. Lasker"]

1. e4 c5 2. Nf3 e6 3. d4 cxd4 4. Nxd4 Nc6 5. Nc3 Qc7 6. Be3 a6 7. Qf3 d6 8.
O-O-O Bd7 9. Kb1 Rc8 10. Qg3 Nf6 11. f4 Nxe4 12. Nxe4 Nxd4 13. c3 Nf5 14. Qf2
Nxe3 15. Qxe3 d5 16. Ng3 Bc5 17. Qd2 O-O 18. f5 exf5 19. Qxd5 Ba4 20. b3 Rcd8
21. Qf3 Bc6 22. Qe2 f4 23. Rxd8 Qxd8 24. Nh5 Re8 0-1

[Event "16. Bayer Open"]
[Site "Leverkusen"]
[Date "2018.01.29"]
[Round "3.7"]
[White "Heller, Achim"]
[Black "ter Steeg, Marcus"]
[Result "1-0"]
[WhiteElo "2095"]
[BlackElo "2066"]
[PlyCount "89"]
[EventDate "2018.??.??"]
[WhiteTeam "SG Ennepe-Ruhr-Süd"]
[BlackTeam "SF Essen-Werden"]

1. d4 Nf6 2. c4 c5 3. d5 e5 4. Nc3 d6 5. e4 g6 6. Nf3 Bg7 7. Bd3 O-O 8. h3 Nh5
9. g3 Na6 10. Bg5 f6 11. Bd2 Nc7 12. Nh4 Bh8 13. Ng2 Qe8 14. Be2 Ng7 15. g4 Qf7
16. Qc2 Nge8 17. O-O-O a6 18. Kb1 Rb8 19. a4 b5 20. axb5 axb5 21. cxb5 Bd7 22.
Ne3 Nxb5 23. Nxb5 Bxb5 24. Bxb5 Rxb5 25. Qd3 Qb7 26. Bc3 Bg7 27. h4 Rf7 28. Kc2
Qb8 29. Ra1 Rfb7 30. Nc4 Ra7 31. Ra3 Rxa3 32. Nxa3 Rb7 33. h5 Nc7 34. hxg6 hxg6
35. Qh3 Kf7 36. g5 Qe8 37. gxf6 Bxf6 38. Qf3 Qg8 39. Bd2 Ke7 40. Rh6 Qg7 41.
Qh3 Qf7 42. Rh7 Bg7 43. Qh4+ Kf8 44. Bh6 Ne8 45. Rh8+ 1-0

[Event "16. Bayer Open"]
[Site "Leverkusen"]
[Date "2018.01.29"]
[Round "3.8"]
[White "Balduan, Markus"]
[Black "Alexopoulos, Spiros Orestis"]
[Result "1-0"]
[WhiteElo "2309"]
[BlackElo "1947"]
[PlyCount "93"]
[EventDate "2018.??.??"]
[WhiteTeam "TV Witzhelden"]
[BlackTeam "Aachener SV"]

1. c4 e5 2. g3 Nf6 3. Bg2 d5 4. cxd5 Nxd5 5. Nf3 Nc6 6. O-O Be7 7. d4 e4 8. Ne5
f5 9. Nxc6 bxc6 10. Qa4 Qd7 11. Nc3 Nb6 12. Qb3 Ba6 13. Rd1 Bc4 14. Qc2 O-O 15.
Bf4 Nd5 16. Na4 Nxf4 17. Qxc4+ Nd5 18. Rac1 Rf6 19. e3 Kh8 20. Nc5 Qe8 21. Qe2
g5 22. Rc4 Bxc5 23. Rxc5 Qg6 24. a3 Re8 25. Re1 Rfe6 26. Bh3 Rf6 27. Bg2 Rfe6
28. b4 h5 29. b5 f4 30. exf4 gxf4 31. Rxc6 Rxc6 32. bxc6 Nf6 33. Qd2 Nd5 34.
Qa2 Nf6 35. d5 h4 36. d6 cxd6 37. c7 hxg3 38. fxg3 fxg3 39. Bh3 gxh2+ 40. Kxh2
Ng4+ 41. Bxg4 Qxg4 42. Re3 Qf4+ 43. Rg3 Rf8 44. Qb2+ Qe5 45. Qxe5+ dxe5 46. Rb3
e3 47. Rb8 1-0

[Event "16. Bayer Open"]
[Site "Leverkusen"]
[Date "2018.01.29"]
[Round "3.9"]
[White "Heyn, Peter"]
[Black "Marcziter, Dmitrii"]
[Result "0-1"]
[WhiteElo "1863"]
[BlackElo "2279"]
[PlyCount "64"]
[EventDate "2018.??.??"]
[WhiteTeam "SV Hilden"]
[BlackTeam "DJK Aufwärts Aachen"]

1. d4 d5 2. c4 e6 3. Nc3 c5 4. e3 Nf6 5. Nf3 Nc6 6. cxd5 exd5 7. Bd3 Bd6 8. h3
a6 9. O-O O-O 10. dxc5 Bxc5 11. a3 Qe7 12. b4 Ba7 13. Bb2 Rd8 14. Ne2 Ne4 15.
Rc1 Rd6 16. Qb3 Be6 17. Ned4 Re8 18. Rfd1 Bc8 19. Nxc6 bxc6 20. Bd4 Rg6 21. Kf1
Bb8 22. Qb2 Bf5 23. Qe2 h5 24. Bc5 Qf6 25. Bd4 Qd8 26. Qb2 Qe7 27. Bc5 Qd7 28.
Ng1 Bh2 29. Ke2 Rxg2 30. Bxe4 Bxe4 31. Rf1 Qf5 32. Ke1 Bxg1 0-1

[Event "16. Bayer Open"]
[Site "Leverkusen"]
[Date "2018.01.29"]
[Round "3.10"]
[White "Lamprecht, Mark"]
[Black "Gutt, Oswald"]
[Result "1-0"]
[WhiteElo "2210"]
[BlackElo "1890"]
[PlyCount "55"]
[EventDate "2018.??.??"]
[WhiteTeam "SC Bonn Beuel"]
[BlackTeam "Bergische SF"]

1. c4 e5 2. Nc3 Bb4 3. Qc2 Nc6 4. e3 Nf6 5. g3 O-O 6. Bg2 Bxc3 7. bxc3 Re8 8.
e4 d6 9. d3 Qe7 10. Ne2 Bd7 11. O-O Nd8 12. f4 Bg4 13. h3 Bxe2 14. Qxe2 Ne6 15.
f5 Nf8 16. g4 N6d7 17. g5 g6 18. h4 h5 19. Be3 Nc5 20. Rf2 Rad8 21. Bh3 c6 22.
Raf1 Na4 23. Qc2 b5 24. cxb5 cxb5 25. Qb3 d5 26. fxg6 fxg6 27. exd5 Qd6 28. Rf6
1-0

[Event "16. Bayer Open"]
[Site "Leverkusen"]
[Date "2018.01.29"]
[Round "3.11"]
[White "Sockel, Karl-Heinz"]
[Black "Ziabari, Morteza"]
[Result "1/2-1/2"]
[WhiteElo "2070"]
[BlackElo "1845"]
[PlyCount "24"]
[EventDate "2018.??.??"]
[WhiteTeam "SC Bayer Leverkusen"]
[BlackTeam "Kettwiger SG"]

1. c4 e6 2. g3 Nf6 3. Bg2 d5 4. Nf3 d4 5. d3 c5 6. O-O Qc7 7. e4 e5 8. Nh4 Nc6
9. f4 Bg4 10. Nf3 Bd6 11. h3 Bxf3 12. Qxf3 h5 1/2-1/2

[Event "16. Bayer Open"]
[Site "Leverkusen"]
[Date "2018.01.29"]
[Round "3.12"]
[White "Scharff, Klaus"]
[Black "Moors, Christoph"]
[Result "0-1"]
[WhiteElo "1952"]
[BlackElo "2068"]
[PlyCount "78"]
[EventDate "2018.??.??"]
[WhiteTeam "SV Opladen"]
[BlackTeam "SC Erkrath"]

1. Nf3 Nf6 2. g3 b5 3. Bg2 Bb7 4. d3 e6 5. e4 d6 6. O-O c5 7. Nc3 b4 8. Ne2
Nbd7 9. Ng5 h6 10. Nh3 Be7 11. f4 Qb6 12. Kh1 c4 13. Nf2 cxd3 14. cxd3 Rc8 15.
Bd2 O-O 16. g4 g6 17. Ng3 d5 18. e5 Nh7 19. Qe1 Rc2 20. f5 g5 21. f6 Bc5 22. h4
Nxe5 23. hxg5 Bxf2 24. Qd1 Rxd2 25. Qxd2 Bxg3 26. d4 Ng6 27. gxh6 e5 28. dxe5
Bxe5 29. Rf5 Bxf6 30. Raf1 d4 31. Qf2 Bxg2+ 32. Kxg2 Nh4+ 33. Kh3 Nxf5 34. Qxf5
Bg5 35. b3 Qxh6+ 36. Kg2 Qc6+ 37. Kg1 Be3+ 38. Kh2 Qd6+ 39. Kg2 Ng5 0-1

[Event "16. Bayer Open"]
[Site "Leverkusen"]
[Date "2018.01.29"]
[Round "3.13"]
[White "Reif, Frank"]
[Black "Kies, Werner"]
[Result "0-1"]
[WhiteElo "1845"]
[BlackElo "2036"]
[PlyCount "72"]
[EventDate "2018.??.??"]
[WhiteTeam "TV Witzhelden"]
[BlackTeam "SC Bayer Leverkusen"]

1. e4 c5 2. Nf3 a6 3. d4 cxd4 4. Nxd4 Nf6 5. Nc3 e5 6. Nf3 Bb4 7. Bd3 d5 8.
exd5 e4 9. Qe2 O-O 10. Bxe4 Nxe4 11. Qxe4 Re8 12. Ne5 Bxc3+ 13. bxc3 f6 14. f4
Qc7 15. O-O fxe5 16. Bd2 Nd7 17. f5 Nf6 18. Qd3 Bd7 19. c4 b5 20. Bg5 bxc4 21.
Qe2 Qc5+ 22. Kh1 Qxd5 23. Bxf6 gxf6 24. Rad1 Qf7 25. Qf3 Rad8 26. Rd6 Bb5 27.
Rfd1 Rxd6 28. Rxd6 Kh8 29. Qe3 e4 30. Kg1 Re5 31. Qh6 Rxf5 32. g4 Qa7+ 33. Kh1
Rf1+ 34. Kg2 Rf2+ 35. Kg3 Rf3+ 36. Kh4 Qf2+ 0-1

[Event "16. Bayer Open"]
[Site "Leverkusen"]
[Date "2018.01.29"]
[Round "3.14"]
[White "Gula, Julian"]
[Black "German, Raphael"]
[Result "1-0"]
[WhiteElo "2025"]
[BlackElo "1833"]
[PlyCount "45"]
[EventDate "2018.??.??"]
[WhiteTeam "SF Düsseldorf-Süd"]

1. d4 Nf6 2. c4 g6 3. Nc3 Bg7 4. e4 d6 5. Be2 Nbd7 6. Be3 O-O 7. h4 c5 8. d5
Ne5 9. Qd2 Neg4 10. Bg5 h6 11. Bf4 Nh5 12. Bxg4 Bxg4 13. Bxh6 e5 14. Bxg7 Kxg7
15. Nge2 a6 16. f3 Bd7 17. g4 Nf6 18. Ng3 Rh8 19. Kf2 b5 20. h5 Nh7 21. hxg6
fxg6 22. Rag1 Qg5 23. Rxh7+ 1-0

[Event "16. Bayer Open"]
[Site "Leverkusen"]
[Date "2018.01.29"]
[Round "3.15"]
[White "Jansen-Karanatsios, Michael"]
[Black "Asadzade, Idris"]
[Result "0-1"]
[WhiteElo "1717"]
[BlackElo "1967"]
[PlyCount "112"]
[EventDate "2018.??.??"]
[WhiteTeam "Kölner SK Dr. Lasker"]
[BlackTeam "Königsspringer Leverkusen"]

1. d4 Nf6 2. c4 c5 3. d5 b5 4. cxb5 a6 5. Nc3 axb5 6. e4 b4 7. Nb5 d6 8. Bc4
Nbd7 9. Bf4 Nb6 10. b3 Nxc4 11. bxc4 Bd7 12. Qe2 Bxb5 13. cxb5 Qa5 14. Bd2 Qa4
15. Qc4 b3 16. Qxa4 Rxa4 17. Bc3 Rxe4+ 18. Kd2 Nxd5 19. axb3 Nxc3 20. Kxc3 Rb4
21. Ra5 g6 22. Ra8+ Kd7 23. Ra7+ Ke6 24. Nf3 Bg7+ 25. Kc2 Bf6 26. Re1+ Kf5 27.
h3 h5 28. Ra4 g5 29. Rxb4 cxb4 30. Kd3 Rc8 31. Nd4+ Bxd4 32. Kxd4 Rc7 33. Ra1
Ke6 34. Ra4 Kd7 35. Rxb4 f5 36. b6 Rb7 37. Rb5 e6 38. Ra5 Rxb6 39. Ra7+ Kc6 40.
Kc3 Rb7 41. Ra8 Rg7 42. Ra6+ Kd5 43. Ra5+ Ke4 44. Kd2 Rc7 45. b4 Kd4 46. Ra3 d5
47. Re3 Rc6 48. Rd3+ Kc4 49. Rc3+ Kb5 50. Rb3 Rc4 51. Re3 Re4 52. Kc3 Rxe3+ 53.
fxe3 e5 54. g3 g4 55. h4 f4 56. exf4 exf4 0-1

[Event "16. Bayer Open"]
[Site "Leverkusen"]
[Date "2018.01.29"]
[Round "3.16"]
[White "Schülke, Tilman"]
[Black "Werthmann, Martin-Lorenz"]
[Result "1/2-1/2"]
[WhiteElo "1971"]
[BlackElo "1363"]
[PlyCount "65"]
[EventDate "2018.??.??"]
[WhiteTeam "Düsseldorfer SV"]
[BlackTeam "Kölner SK Dr. Lasker"]

1. d4 d5 2. c3 Nf6 3. Bg5 e6 4. e3 c5 5. Nd2 cxd4 6. exd4 Be7 7. h3 O-O 8. Bd3
h6 9. Bf4 Bd6 10. Qf3 Bxf4 11. Qxf4 Nc6 12. Ne2 a6 13. g4 Nh7 14. Qg3 Qf6 15.
f4 Qe7 16. Rg1 f6 17. Nf3 Bd7 18. g5 hxg5 19. Bxh7+ Kxh7 20. fxg5 fxg5 21. h4
Kg8 22. hxg5 Kf7 23. Ne5+ Nxe5 24. Qxe5 Ke8 25. Kd2 Rf5 26. Qh2 Qf8 27. Rg2 Rc8
28. Re1 Ke7 29. Nc1 Qh8 30. Qxh8 Rxh8 31. Nd3 Rhf8 32. Ree2 Bb5 33. Re1 {
Rest nicht nachvollziehbar.} 1/2-1/2

[Event "16. Bayer Open"]
[Site "Leverkusen"]
[Date "2018.01.29"]
[Round "3.18"]
[White "Henseler, Klaus"]
[Black "Bigott, Martin"]
[Result "1-0"]
[WhiteElo "1948"]
[BlackElo "1807"]
[PlyCount "87"]
[EventDate "2018.??.??"]
[WhiteTeam "SC Bayer Leverkusen"]
[BlackTeam "SF Lohmar"]

1. c4 e5 2. g3 f5 3. Bg2 Nf6 4. Nc3 c6 5. Nf3 e4 6. Nd4 d5 7. cxd5 cxd5 8. O-O
Nc6 9. Nxc6 bxc6 10. d3 Be7 11. d4 O-O 12. Bg5 h6 13. Bxf6 Rxf6 14. Na4 Rb8 15.
b3 Ba3 16. Qc2 Ba6 17. Rfe1 Bb5 18. Nc5 a5 19. Rab1 Qe7 20. Bf1 e3 21. f4 g5
22. Bh3 g4 23. Bg2 Bb4 24. Red1 Bd2 25. Kf1 Bb4 26. a4 Bxc5 27. axb5 Rxb5 28.
dxc5 Rxc5 29. Qd3 Kg7 30. Rbc1 Kg6 31. Rc3 Re6 32. Rdc1 Rxc3 33. Qxc3 Qb4 34.
Qxb4 axb4 35. Ra1 Kf7 36. Ke1 Ke7 37. Ra4 Kd6 38. Rxb4 Re7 39. Kd1 Kc5 40. Ra4
Rb7 41. Kc2 h5 42. h4 Rb6 43. Kc3 Rb5 44. b4+ 1-0

[Event "16. Bayer Open"]
[Site "Leverkusen"]
[Date "2018.01.29"]
[Round "3.19"]
[White "Boschek, Hans-Joachim"]
[Black "Blomeyer, Peter"]
[Result "1-0"]
[WhiteElo "1942"]
[BlackElo "1794"]
[PlyCount "61"]
[EventDate "2018.??.??"]
[WhiteTeam "SG Solingen"]
[BlackTeam "Königsspringer Leverkusen"]

1. Nf3 c5 2. e4 d6 3. c3 g6 4. d4 Nd7 5. Be3 Bg7 6. Bc4 Ngf6 7. Bxf7+ Kxf7 8.
Ng5+ Kg8 9. Qb3+ d5 10. e5 c4 11. Qa3 Nb6 12. exf6 Bxf6 13. Nd2 Bf5 14. O-O h6
15. Ngf3 Kg7 16. Ne5 Bxe5 17. dxe5 Nd7 18. f4 a6 19. Nf3 Re8 20. Nd4 Nf8 21.
Qa4 Ne6 22. Nxe6+ Bxe6 23. Qd1 Qd7 24. Qd4 Kh7 25. f5 Bxf5 26. Qh4 Qe6 27.
Qxh6+ Kg8 28. Rf4 Rf8 29. Raf1 g5 30. Qxg5+ Bg6 31. Rf6 1-0

[Event "16. Bayer Open"]
[Site "Leverkusen"]
[Date "2018.01.29"]
[Round "3.20"]
[White "Meyer, Stefan"]
[Black "Schimpf, Rolf"]
[Result "1/2-1/2"]
[WhiteElo "1753"]
[BlackElo "1936"]
[PlyCount "124"]
[EventDate "2018.??.??"]
[WhiteTeam "SV Grevenbroich"]
[BlackTeam "SC Bayer Leverkusen"]

1. d4 Nf6 2. c4 c5 3. d5 e6 4. Nc3 exd5 5. cxd5 d6 6. e4 g6 7. f4 Bg7 8. Bb5+
Nfd7 9. a4 a6 10. Be2 O-O 11. Nf3 Re8 12. O-O Nf8 13. Be3 Bg4 14. h3 Bxf3 15.
Bxf3 Nbd7 16. a5 Qc7 17. Qd2 b5 18. axb6 Nxb6 19. Be2 Qb7 20. Qd3 Nfd7 21. b3
f5 22. Rad1 Bxc3 23. Qxc3 Rxe4 24. Bf3 Re7 25. Bc1 Rf8 26. Rfe1 Nf6 27. Rxe7
Qxe7 28. Bb2 Qf7 29. Qa5 Qb7 30. Qc3 h6 31. g4 Kh7 32. g5 hxg5 33. fxg5 Ne4 34.
Qe1 Kg8 35. Bxe4 fxe4 36. Qxe4 Qf7 37. Qe6 Qxe6 38. dxe6 Nc8 39. Bf6 Re8 40. e7
Kf7 41. Ra1 Nxe7 42. Rxa6 Ke6 43. Ra4 Nd5 44. Re4+ Kf7 45. Rxe8 Kxe8 46. Bb2
Kf7 47. Kf2 Ke6 48. Kf3 Kf5 49. h4 Ne7 50. Bc3 Nc6 51. Kg3 d5 52. Kf3 d4 53.
Be1 Ne5+ 54. Ke2 Ke4 55. Bg3 d3+ 56. Kd1 Nc6 57. Bd6 Kd5 58. Bf8 Nd4 59. h5
gxh5 60. g6 Ne6 61. Be7 Ng7 62. Kd2 Nf5 1/2-1/2

[Event "16. Bayer Open"]
[Site "Leverkusen"]
[Date "2018.01.29"]
[Round "3.21"]
[White "Meul, Willi"]
[Black "Liebsch, Ulrich"]
[Result "1-0"]
[WhiteElo "1931"]
[BlackElo "1780"]
[PlyCount "49"]
[EventDate "2018.??.??"]
[WhiteTeam "SV Hürth-Berrenrath"]
[BlackTeam "SC Bayer Leverkusen"]

1. d4 f5 2. c4 Nf6 3. Nc3 e6 4. g3 Be7 5. Bg2 O-O 6. Nf3 d6 7. O-O h6 8. Qc2
Qe8 9. e4 Qh5 10. e5 Nh7 11. Nb5 Na6 12. Bd2 dxe5 13. Nxe5 c6 14. Nxc6 bxc6 15.
Bxc6 Rb8 16. Nxa7 Bg5 17. f4 Bf6 18. Bc3 g5 19. Nxc8 Rfxc8 20. Bd7 Rd8 21.
Bxe6+ Kg7 22. Bxf5 Nb4 23. Qd2 Nc6 24. d5 gxf4 25. Bxh7 1-0

[Event "16. Bayer Open"]
[Site "Leverkusen"]
[Date "2018.01.29"]
[Round "3.22"]
[White "Elshani, Shaip"]
[Black "Piekorz, Roland"]
[Result "0-1"]
[WhiteElo "1752"]
[BlackElo "1929"]
[PlyCount "74"]
[EventDate "2018.??.??"]
[WhiteTeam "SC Bayer Leverkusen"]
[BlackTeam "Düsseldorfer SK"]

1. e4 c5 2. b3 Nc6 3. Bb2 d6 4. d3 e5 5. Nf3 g6 6. Be2 Bg7 7. h3 Nge7 8. Nc3
O-O 9. Nd5 Nxd5 10. exd5 Ne7 11. c4 Rb8 12. O-O h6 13. Nh2 g5 14. Rb1 Ng6 15.
Bc1 f5 16. Bh5 Qf6 17. Bxg6 Qxg6 18. Kh1 Bd7 19. Bd2 f4 20. Qe2 Bf5 21. b4 Bxd3
22. Qg4 Bxb1 23. bxc5 Bf5 24. Qd1 dxc5 25. Re1 e4 26. Bc1 Bd4 27. f3 Rfe8 28.
Qa4 exf3 29. Nxf3 Rxe1+ 30. Nxe1 Qe8 31. Qd1 Qe4 32. Nf3 Re8 33. d6 Qc6 34.
Nxd4 Qxd6 35. Qh5 Re1+ 36. Kh2 Qxd4 37. Qe8+ Rxe8 0-1

[Event "16. Bayer Open"]
[Site "Leverkusen"]
[Date "2018.01.29"]
[Round "3.23"]
[White "Blumenthal, Ralf"]
[Black "Meckel, Helmut"]
[Result "1/2-1/2"]
[WhiteElo "1922"]
[BlackElo "1762"]
[PlyCount "86"]
[EventDate "2018.??.??"]
[WhiteTeam "SK Turm Euskirchen"]
[BlackTeam "SG Solingen"]

1. e4 e6 2. d4 d5 3. Nd2 Nc6 4. Ngf3 Nf6 5. e5 Nd7 6. Nb3 Be7 7. c3 f6 8. exf6
Bxf6 9. Bd3 e5 10. dxe5 Ndxe5 11. Nxe5 Nxe5 12. Bc2 O-O 13. O-O c6 14. Nd4 g6
15. f4 Ng4 16. h3 Nh6 17. Be3 Bg7 18. Nf3 Bf5 19. Bc5 Bxc2 20. Qxc2 Rxf4 21.
Rae1 Rf7 22. Qd2 Nf5 23. Ne5 Bxe5 24. Rxe5 b6 25. Ba3 Nd6 26. Bxd6 Rxf1+ 27.
Kxf1 Qxd6 28. Qe3 Rf8+ 29. Kg1 Qf6 30. Re8 Qf1+ 31. Kh2 Qf7 32. Re7 Qf4+ 33.
Qxf4 Rxf4 34. Rxa7 Rf2 35. b3 Rc2 36. Ra6 Rxc3 37. Rxb6 d4 38. a4 d3 39. a5 d2
40. Rb8+ Kf7 41. Rd8 Rxb3 42. Rxd2 Ra3 43. Rc2 Rxa5 1/2-1/2

[Event "16. Bayer Open"]
[Site "Leverkusen"]
[Date "2018.01.29"]
[Round "3.24"]
[White "Stuch, Hans-Ferdinand"]
[Black "Birnkott, Manfred"]
[Result "0-1"]
[WhiteElo "1693"]
[BlackElo "1920"]
[PlyCount "52"]
[EventDate "2018.??.??"]
[WhiteTeam "Godesberger SK"]
[BlackTeam "SC Bayer Leverkusen"]

1. e4 c5 2. Nc3 Nc6 3. f4 g6 4. Nf3 Bg7 5. Bb5 Nd4 6. O-O Nxb5 7. Nxb5 a6 8.
Nc3 b5 9. e5 Bb7 10. Qe2 Nh6 11. d3 O-O 12. h3 Nf5 13. Kh2 Rc8 14. Ne4 d5 15.
Nf2 e6 16. c3 d4 17. Ne4 dxc3 18. bxc3 Qa5 19. Bd2 Qb6 20. g4 Bxe4 21. Qxe4 Ne7
22. f5 exf5 23. gxf5 Nxf5 24. Ng5 Rce8 25. Rxf5 gxf5 26. Qxf5 Qg6 0-1

[Event "16. Bayer Open"]
[Site "Leverkusen"]
[Date "2018.01.29"]
[Round "3.25"]
[White "Beyer, Fabian"]
[Black "Janssen, Wolfgang"]
[Result "0-1"]
[WhiteElo "1908"]
[BlackElo "1674"]
[PlyCount "88"]
[EventDate "2018.??.??"]
[WhiteTeam "SG Solingen"]
[BlackTeam "SV Dormagen"]

1. d4 Nf6 2. c4 g6 3. Nc3 Bg7 4. e4 d6 5. f3 O-O 6. Be3 a5 7. Bd3 Nc6 8. Nge2
Nh5 9. g4 Nf6 10. Qd2 Nb4 11. Bb1 e5 12. Bg5 exd4 13. Nxd4 c5 14. Ndb5 h6 15.
Bxh6 Nxe4 16. Bxe4 Qh4+ 17. Qf2 Qxh6 18. Rd1 f5 19. gxf5 gxf5 20. Bd5+ Nxd5 21.
Rxd5 Re8+ 22. Kd1 Be6 23. Rxd6 Rad8 24. Nd5 Bxd5 25. Rxh6 Bxf3+ 26. Kc2 Be4+
27. Kb3 a4+ 28. Kxa4 Bxh6 29. Rg1+ Kh7 30. Qxc5 Bc2+ 31. b3 Ra8+ 32. Na7 b5+
33. cxb5 Re4+ 34. Ka5 Bd2+ 35. Ka6 Re6+ 36. Kb7 Be4+ 37. Kc7 Rxa7+ 38. Qxa7
Re7+ 39. Kb6 Rxa7 40. Kxa7 Be3+ 41. b6 Bxg1 42. a4 f4 43. a5 f3 44. a6 Bxb6+
0-1

[Event "16. Bayer Open"]
[Site "Leverkusen"]
[Date "2018.01.29"]
[Round "3.26"]
[White "Pfister, Jürgen"]
[Black "Jiritschka, Wolfgang"]
[Result "1/2-1/2"]
[WhiteElo "1669"]
[BlackElo "1898"]
[PlyCount "108"]
[EventDate "2018.??.??"]
[WhiteTeam "SF Düsseldorf-Süd"]
[BlackTeam "SC Bayer Leverkusen"]

1. Nf3 Nf6 2. c4 c5 3. g3 g6 4. b3 Bg7 5. Bb2 Nc6 6. d3 O-O 7. Bg2 d6 8. Nbd2
Bg4 9. O-O Qd7 10. a3 h6 11. Re1 e5 12. Qc2 Bh3 13. e3 Bxg2 14. Kxg2 Nh5 15.
Nh4 g5 16. Qd1 Nf6 17. Nhf3 Nh7 18. Rb1 f5 19. Ng1 f4 20. Qe2 Rae8 21. Ne4 Nf6
22. Nxf6+ Rxf6 23. exf4 gxf4 24. b4 b6 25. Qh5 Rf5 26. Qd1 Ref8 27. g4 Rg5 28.
f3 cxb4 29. h4 Rg6 30. h5 Re6 31. axb4 Nxb4 32. Bxe5 Nxd3 33. Qxd3 Bxe5 34. Qd5
Qf7 35. Ne2 Ree8 36. Qd3 Rc8 37. Rbc1 Rc5 38. Rc2 Rfc8 39. Rec1 Qh7 40. Qb3 Kh8
41. Ra2 d5 42. Qa4 Rxc4 43. Rxc4 dxc4 44. Qxa7 Qxa7 45. Rxa7 c3 46. Rb7 c2 47.
Rxb6 c1=Q 48. Nxc1 Rxc1 49. Rxh6+ Kg7 50. Rg6+ Kf7 51. Ra6 Rc2+ 52. Kh3 Rf2 53.
Ra3 Bd4 54. g5 Rf1 1/2-1/2

[Event "16. Bayer Open"]
[Site "Leverkusen"]
[Date "2018.01.29"]
[Round "3.27"]
[White "Kamphausen, Johannes-Dieter"]
[Black "Wehr, Günter"]
[Result "1-0"]
[WhiteElo "1898"]
[BlackElo "1665"]
[PlyCount "31"]
[EventDate "2018.??.??"]
[WhiteTeam "SV Springer Hitdorf"]
[BlackTeam "SV Opladen"]

1. e4 e5 2. Nf3 d6 3. d4 exd4 4. Nxd4 Nf6 5. Nc3 g6 6. Be2 Bg7 7. O-O O-O 8.
Bg5 Qe8 9. Bxf6 Bxf6 10. Nd5 Bxd4 11. Qxd4 Qd8 12. Nf6+ Kg7 13. Ne8+ Kh6 14.
Qg7+ Kg5 15. f4+ Kh4 16. Qh6# 1-0

[Event "16. Bayer Open"]
[Site "Leverkusen"]
[Date "2018.01.29"]
[Round "3.28"]
[White "Hennig, Edgar Paul"]
[Black "Multhauf, Stefan"]
[Result "1-0"]
[WhiteElo "1897"]
[BlackElo "1664"]
[PlyCount "59"]
[EventDate "2018.??.??"]
[WhiteTeam "Satranç Club"]
[BlackTeam "Königsspringer Leverkusen"]

1. e4 d6 2. d4 Nf6 3. Nc3 Nbd7 4. Nf3 e5 5. Bc4 Be7 6. O-O h6 7. h3 c6 8. dxe5
Nxe5 9. Nxe5 dxe5 10. Qxd8+ Bxd8 11. Be3 b5 12. Bd3 O-O 13. Bc5 Re8 14. a4 Bd7
15. axb5 cxb5 16. Rxa7 Rxa7 17. Bxa7 b4 18. Nd5 Nxd5 19. exd5 e4 20. Bc4 Bf6
21. Rb1 Bf5 22. Be3 Be7 23. Ra1 Bf6 24. Ra4 Bxb2 25. Rxb4 Be5 26. g4 Bh7 27.
Rb7 Rb8 28. Rxb8+ Bxb8 29. Bb3 Kf8 30. c4 1-0